Paite- English thumal suina / (Record no. 7755)

MARC details
000 -LEADER
fixed length control field 00426nam a22001577a 4500
003 - CONTROL NUMBER IDENTIFIER
control field GBCCL
005 - DATE AND TIME OF LATEST TRANSACTION
control field 20241126110636.0
008 - FIXED-LENGTH DATA ELEMENTS--GENERAL INFORMATION
fixed length control field 180918b ||||| |||| 00| 0 eng d
040 ## - CATALOGING SOURCE
Transcribing agency gbc
082 ## - DEWEY DECIMAL CLASSIFICATION NUMBER
Classification number VER 423
Item number PAI
245 ## - TITLE STATEMENT
Title Paite- English thumal suina /
Statement of responsibility, etc. compiled by B Goukhozam Ngaihte
260 ## - PUBLICATION, DISTRIBUTION, ETC.
Place of publication, distribution, etc. Lamka :
Name of publisher, distributor, etc. B Jamsangchin,
Date of publication, distribution, etc. 2011
300 ## - PHYSICAL DESCRIPTION
Extent 300p. ;
650 ## - SUBJECT ADDED ENTRY--TOPICAL TERM
Topical term or geographic name entry element Dictionary
Form subdivision English
General subdivision Paite
9 (RLIN) 13548
942 ## - ADDED ENTRY ELEMENTS (KOHA)
Source of classification or shelving scheme Dewey Decimal Classification
Koha item type Books
Holdings
Withdrawn status Lost status Source of classification or shelving scheme Damaged status Not for loan Home library Current Library Shelving location Date acquired Total checkouts Full call number Barcode Date last seen Copy number Price effective from Koha item type
    Dewey Decimal Classification     GRACE BIBLE COLLEGE GRACE BIBLE COLLEGE Vernacular 2018-09-18   VER 423 PAI 003909 2025-05-01 c.1 2018-09-18 Books
    Dewey Decimal Classification     GRACE BIBLE COLLEGE GRACE BIBLE COLLEGE Vernacular 2019-08-05   VER 423 PAI 004566 2025-05-01 c.2 2019-08-05 Books
© Grace Bible College Library 2025